| 000 | 00324nam a22001337a 4500 | ||
|---|---|---|---|
| 020 | _a978-1-85881-572-5 | ||
| 082 |
_a823 _bSIM/H |
||
| 100 | _aFRANCESCA SIMON | ||
| 245 | _aHORRID HENRY GETS RICH QUICK | ||
| 260 |
_aGREAT BRITAIN _bORION _c1998 |
||
| 300 | _a91 | ||
| 650 |
_aCHILDREN'S STORY BOOK _zUNITED KINGDOM |
||
| 942 | _cBK | ||
| 999 |
_c116 _d116 |
||